000 00461nam a2200181Ia 4500
008 240925s9999 xx 000 0 und d
020 _a70088179
082 _a530 BUE
100 _aBueche ,Frederick J.
245 0 _aPrinciples of Physics
250 _a6th
260 _aNew York:
_bMcGraw-Hill
_c,1995.
300 _axxvii,530p.
_bNA
_fOriginal
500 _aIncludes Index
600 _aEngineering Technology
650 _aNatural Science
942 _cBK
999 _c3476
_d3476